The story of Islamic calligraphy

Bibliographic Details
Main Author: Siddiqui, Atiq R. , 1950- (Author)
Format: Book
Published: Delhi : Sarita Book House , 1990
Subjects:

MARC

LEADER 00000cam a2200000 7i4500
001 0000006748
005 20070307093000.0
020 |a 8185394008 
090 0 0 |a NK3636.5   |b .S5 1990 
100 0 |a Siddiqui, Atiq R. ,   |d 1950- ,   |e author 
245 1 4 |a The story of Islamic calligraphy   |c Atiq R. Siddiqui 
260 2 |a Delhi :   |b Sarita Book House ,   |c 1990 
300 |a x, 120 p. ;   |c 30 cm. 
504 |a Includes index 
650 0 |a Calligraphy, Islamic   |z India 
999 |a 1000029261   |b Book   |c OPEN SHELF (30 DAYS)   |e Gong Badak Campus